[Event "C'est un classique VI"]
[Site "Chess.com"]
[Date "2021.03.13"]
[Round "2.9"]
[White "Abboudy, Bassel"]
[Black "Courtemanche, Sylvain"]
[Result "1-0"]
[WhiteElo "1196"]
[BlackElo "1449"]
[PlyCount "67"]
[EventDate "2021.03.06"]
[EventType "swiss"]
[EventRounds "5"]
[EventCountry "CAN"]

1. d4 Nf6 2. c4 g6 3. Nf3 Bg7 4. Nc3 O-O 5. g3 d6 6. Bg2 c5 7. dxc5 dxc5 8. O-O
Nc6 9. Bg5 Be6 10. Nd2 Qd7 11. Rc1 Rad8 12. Qc2 Bh3 13. Rfd1 Bxg2 14. Kxg2 Qg4
15. Nde4 Nxe4 16. Nxe4 Bxb2 17. f3 Qc8 18. Qxb2 Rd4 19. Nxc5 Rfd8 20. Bh6 f6
21. Rxd4 Nxd4 22. Nxb7 Qb8 23. Rd1 Ne6 24. Rxd8+ Nxd8 25. c5 Qxb7 26. Qxb7 Nxb7
27. c6 Nd6 28. e4 g5 29. f4 Kf7 30. fxg5 fxg5 31. Bxg5 Nxe4 32. c7 Nd6 33. Bf4
Ke8 34. Bxd6 1-0

[Event "C'est un classique VI"]
[Site "Chess.com"]
[Date "2021.03.20"]
[Round "3.1"]
[White "Turcotte, Jonathan"]
[Black "Adam, Rafael"]
[Result "1-0"]
[WhiteElo "2007"]
[BlackElo "1907"]
[PlyCount "113"]
[EventDate "2021.03.06"]
[EventType "swiss"]
[EventRounds "5"]
[EventCountry "CAN"]

1. d4 Nf6 2. c4 e6 3. Nf3 Bb4+ 4. Bd2 Qe7 5. g3 Nc6 6. Nc3 d5 7. cxd5 exd5 8.
Bg2 O-O 9. O-O Re8 10. e3 Bf5 11. Qb3 Qd7 12. Ne5 Qd6 13. Nb5 Qe7 14. Nxc6 bxc6
15. Bxb4 Qd7 16. Nc3 Reb8 17. Qa4 a5 18. Ba3 Rb6 19. Rac1 Bd3 20. Rfd1 Qf5 21.
Rxd3 Qxd3 22. Qc2 Qxc2 23. Rxc2 a4 24. Ne2 Ne8 25. Nf4 Nd6 26. Bf1 Ne4 27. Nd3
f6 28. Nb4 Kf7 29. Nxc6 g5 30. Nb4 c6 31. f3 Nd6 32. Nxc6 Rc8 33. Bxd6 Rcxc6
34. Rxc6 Rxc6 35. Bc5 Rc8 36. Bb5 Rb8 37. Bxa4 Rxb2 38. Bb3 Ke6 39. e4 h5 40.
Bxd5+ Kd7 41. h4 Rd2 42. Bf7 Rb2 43. a3 Rb1+ 44. Kg2 Rb2+ 45. Kh3 Rb1 46. Bxh5
Rh1+ 47. Kg4 gxh4 48. gxh4 Rg1+ 49. Kf5 Rh1 50. Kxf6 Rxh4 51. Bg4+ Kc6 52. Bb4
Kc7 53. d5 Rh6+ 54. Kg5 Rh8 55. Be6 Rh1 56. f4 Re1 57. e5 1-0

[Event "C'est un classique VI"]
[Site "Chess.com"]
[Date "2021.03.20"]
[Round "3.2"]
[White "Laroche, Hugo"]
[Black "Laroche, Hugo"]
[Result "1-0"]
[WhiteElo "1738"]
[BlackElo "1941"]
[PlyCount "83"]
[EventDate "2021.03.06"]
[EventType "swiss"]
[EventRounds "5"]
[EventCountry "CAN"]

1. d4 Nf6 2. Bf4 d5 3. Nf3 c5 4. e3 Nc6 5. c3 Qb6 6. Qb3 c4 7. Qxb6 axb6 8. Na3
Ra5 9. Bc7 Nd7 10. Nd2 e6 11. Nc2 Ra6 12. a4 Na7 13. b3 b5 14. axb5 Nxb5 15.
Rxa6 bxa6 16. Ba5 cxb3 17. Nxb3 Bd6 18. Bd3 Bb7 19. O-O O-O 20. Nd2 Rc8 21. Rb1
Bc6 22. c4 dxc4 23. Nxc4 e5 24. Nxd6 Nxd6 25. Bxa6 Ra8 26. Nb4 Be4 27. Rd1 Bb7
28. dxe5 Bxa6 29. exd6 Be2 30. Ra1 Nc5 31. Nc2 Nb3 32. d7 Nxa1 33. Nxa1 Bd1 34.
d8=Q+ Rxd8 35. Bxd8 f6 36. Kf1 Kf7 37. Ke1 Ba4 38. Kd2 Ke6 39. Nc2 f5 40. Nd4+
Ke5 41. h4 f4 42. Bc7+ 1-0

[Event "C'est un classique VI"]
[Site "Chess.com"]
[Date "2021.03.20"]
[Round "3.3"]
[White "Magner, Wilhelm"]
[Black "Guipi Bopala, Prince Eric jr"]
[Result "0-1"]
[WhiteElo "1800"]
[BlackElo "1859"]
[PlyCount "70"]
[EventDate "2021.03.06"]
[EventType "swiss"]
[EventRounds "5"]
[EventCountry "CAN"]

1. d4 d5 2. Bf4 Nf6 3. e3 e6 4. c3 c5 5. Nf3 Nc6 6. Nbd2 Bd6 7. Bg3 O-O 8. Bd3
Qe7 9. Ne5 Qc7 10. Ndf3 h6 11. Bc2 Ne4 12. Bxe4 dxe4 13. Nd2 Nxe5 14. dxe5 Bxe5
15. Nxe4 b6 16. Qh5 Bxg3 17. hxg3 Rd8 18. Nf6+ Kf8 19. Ng4 Ba6 20. Nxh6 gxh6
21. Qxh6+ Ke7 22. Qh4+ Kd7 23. O-O-O+ Kc6 24. Qe4+ Kb5 25. a4+ Ka5 26. b4+ Kxa4
27. bxc5+ Kb5 28. Qb4+ Kc6 29. Qe4+ Kxc5 30. Qb4+ Kc6 31. Qe4+ Rd5 32. c4 Bxc4
33. Qxc4+ Rc5 34. Qxc5+ bxc5 35. Kd2 Rd8+ 0-1

[Event "C'est un classique VI"]
[Site "Chess.com"]
[Date "2021.03.20"]
[Round "3.4"]
[White "Georgesu-Nicolau, Luca"]
[Black "Dube, Daniel"]
[Result "0-1"]
[WhiteElo "1314"]
[BlackElo "1737"]
[PlyCount "138"]
[EventDate "2021.03.06"]
[EventType "swiss"]
[EventRounds "5"]
[EventCountry "CAN"]

1. d4 Nf6 2. c4 g6 3. Nc3 Bg7 4. e4 d6 5. Nf3 O-O 6. Bf4 Nh5 7. Bg5 Nc6 8. h3
h6 9. Be3 e5 10. d5 Ne7 11. Bd3 c5 12. Qd2 g5 13. O-O Nf4 14. Bxf4 gxf4 15. Qe2
Kh8 16. Nh2 Ng6 17. Qh5 a6 18. Be2 f3 19. Qxf3 Nf4 20. Bd1 Qg5 21. Kh1 f5 22.
Qg3 Qe7 23. Bc2 Rg8 24. Qf3 Bf6 25. Rg1 Bd7 26. Ne2 Nxe2 27. Qxe2 f4 28. a4 Rg6
29. Ra3 Rag8 30. Qd1 Qg7 31. Qf3 Rg5 32. a5 h5 33. Ba4 Bg4 34. Qd3 f3 35. Nxf3
Rg6 36. Nh2 Bc8 37. Qf3 Rg5 38. Rb3 Bd8 39. Rc3 Bxa5 40. Rd3 Rf8 41. Qe2 Rf4
42. Rf3 Bb4 43. Rxf4 exf4 44. Qf3 Qxb2 45. Qxf4 Qg7 46. Nf3 Rg6 47. Qh4 Qh6 48.
Be8 Rg8 49. Qxh5 Qxh5 50. Bxh5 b5 51. cxb5 axb5 52. Ne1 Bc3 53. Nc2 b4 54. Rb1
Ba6 55. Ne3 Bd3 56. Rd1 Bxe4 57. f3 Bh7 58. Bg4 b3 59. Bf5 b2 60. Bxh7 Kxh7 61.
Nc2 Ra8 62. g4 Ra1 63. Nxa1 bxa1=Q 64. Rxa1 Bxa1 65. f4 c4 66. f5 c3 67. f6 c2
68. f7 Kg7 69. f8=Q+ Kxf8 0-1

[Event "C'est un classique VI"]
[Site "Chess.com"]
[Date "2021.03.20"]
[Round "3.5"]
[White "Abboudy, Bassel"]
[Black "Saulnier-Legault, Lea"]
[Result "0-1"]
[WhiteElo "1196"]
[BlackElo "1653"]
[PlyCount "70"]
[EventDate "2021.03.06"]
[EventType "swiss"]
[EventRounds "5"]
[EventCountry "CAN"]

1. d4 d5 2. c4 e6 3. Nc3 Nf6 4. Bg5 Nbd7 5. cxd5 exd5 6. Nf3 c6 7. e3 Qa5 8.
Bd3 Bb4 9. Qc2 h6 10. Bxf6 Nxf6 11. O-O O-O 12. a3 Bd6 13. Nd2 Qc7 14. h3 Re8
15. Rfe1 Be6 16. Rac1 Qd7 17. e4 dxe4 18. Ncxe4 Nxe4 19. Nxe4 Bf4 20. Rcd1 b6
21. Bf1 Bf5 22. f3 Rad8 23. Qc3 Re6 24. Bc4 Rg6 25. g4 h5 26. Nf2 Qc7 27. Nd3
hxg4 28. hxg4 Bh2+ 29. Kf1 Qg3 30. Rd2 Qxf3+ 31. Nf2 Qf4 32. Qe3 Bxg4 33. Qxf4
Bxf4 34. Re7 Bxd2 35. Bxf7+ Kf8 0-1

[Event "C'est un classique VI"]
[Site "Chess.com"]
[Date "2021.03.20"]
[Round "3.6"]
[White "Yang, Jing Yao"]
[Black "Imbeault, Marc"]
[Result "1-0"]
[WhiteElo "1500"]
[BlackElo "1190"]
[PlyCount "57"]
[EventDate "2021.03.06"]
[EventType "swiss"]
[EventRounds "5"]
[EventCountry "CAN"]

1. d4 d5 2. Bf4 e6 3. e3 c5 4. c3 Nc6 5. Nf3 Nf6 6. Bd3 c4 7. Bc2 Bd6 8. Bg3
O-O 9. Nbd2 Qc7 10. O-O Re8 11. Bh4 Ng4 12. h3 Nh6 13. Ng5 g6 14. e4 f6 15.
Ngf3 Qg7 16. b3 b5 17. a4 Rb8 18. exd5 Ne7 19. Ne4 Nxd5 20. Nxd6 Rf8 21. Qd2
Bd7 22. axb5 Bxb5 23. Nxb5 cxb3 24. Bd3 Nf5 25. Rxa7 Qxa7 26. Nxa7 Ra8 27. Rb1
Rfb8 28. c4 Nc7 29. Qa5 1-0

[Event "C'est un classique VI"]
[Site "Chess.com"]
[Date "2021.03.20"]
[Round "3.7"]
[White "Cormier, Benoit"]
[Black "Chelkowski, Jan"]
[Result "1-0"]
[WhiteElo "1315"]
[BlackElo "1070"]
[PlyCount "58"]
[EventDate "2021.03.06"]
[EventType "swiss"]
[EventRounds "5"]
[EventCountry "CAN"]

1. e4 e5 2. Nf3 Nc6 3. Bb5 a6 4. Ba4 b5 5. Bb3 Bc5 6. O-O Nf6 7. c3 Bb6 8. Re1
Ng4 9. d4 O-O 10. h3 Nf6 11. Bg5 exd4 12. cxd4 Bb7 13. d5 Na7 14. e5 Qc8 15.
exf6 g6 16. Nc3 d6 17. Qd2 Qf5 18. Bc2 Qd7 19. Re7 Qd8 20. a3 Rb8 21. Rae1 c6
22. Be4 c5 23. b4 Nc8 24. bxc5 Bxc5 25. a4 Qb6 26. axb5 Nxe7 27. fxe7 Rfe8 28.
Na4 axb5 29. Nxb6 Bxb6 1-0

[Event "C'est un classique VI"]
[Site "Chess.com"]
[Date "2021.03.27"]
[Round "4.1"]
[White "Laroche, Hugo"]
[Black "Turcotte, Jonathan"]
[Result "1/2-1/2"]
[WhiteElo "1738"]
[BlackElo "2007"]
[PlyCount "115"]
[EventDate "2021.03.06"]
[EventType "swiss"]
[EventRounds "5"]
[EventCountry "CAN"]

1. d4 d5 2. Bf4 c5 3. e3 Nc6 4. c3 Nf6 5. Nf3 Qb6 6. Qb3 c4 7. Qc2 Bf5 8. Qc1
e6 9. Nbd2 Be7 10. Be2 O-O 11. Bd1 Rfc8 12. Bc2 Qd8 13. Qb1 Bxc2 14. Qxc2 b5
15. e4 b4 16. O-O a5 17. Rfe1 a4 18. exd5 Nxd5 19. Bg3 a3 20. bxa3 Rxa3 21.
Nxc4 Rxc3 22. Qe2 Nxd4 23. Nxd4 R3xc4 24. Nf3 Bf6 25. Be5 Rc2 26. Bxf6 Qxf6 27.
Qe5 Qxe5 28. Nxe5 h6 29. Nd3 Rd2 30. Red1 Rcc2 31. Rxd2 Rxd2 32. Ne5 Nc3 33.
Kf1 Rxa2 34. Rxa2 Nxa2 35. Ke2 Nc3+ 36. Kd3 Nd5 37. Kc4 f6 38. Nd3 Kf7 39. Nxb4
Nxb4 40. Kxb4 e5 41. Kc4 Ke6 42. Kd3 f5 43. Ke3 e4 44. g4 g6 45. Kf4 Kf6 46.
gxf5 gxf5 47. f3 exf3 48. Kxf3 Ke5 49. Ke3 h5 50. Kf3 f4 51. Kf2 Ke4 52. Ke2
f3+ 53. Kf2 Kf4 54. Kf1 Ke3 55. Ke1 f2+ 56. Kf1 Kf3 57. h3 Kg3 58. h4 1/2-1/2

[Event "C'est un classique VI"]
[Site "Chess.com"]
[Date "2021.03.27"]
[Round "4.2"]
[White "Laroche, Hugo"]
[Black "Dube, Daniel"]
[Result "1-0"]
[WhiteElo "1941"]
[BlackElo "1737"]
[PlyCount "60"]
[EventDate "2021.03.06"]
[EventType "swiss"]
[EventRounds "5"]
[EventCountry "CAN"]

1. a4 c5 2. Nf3 Nc6 3. d4 cxd4 4. Nxd4 Nf6 5. Nc3 e5 6. Ndb5 d6 7. Bg5 a6 8.
Na3 b5 9. Nd5 Be7 10. Bxf6 Bxf6 11. c3 O-O 12. Nc2 Bg5 13. axb5 axb5 14. b3 Be6
15. b4 Bxd5 16. Qd3 f5 17. Na3 e4 18. Qc2 Bf6 19. Rc1 Qd7 20. Qb3 Bc4 21. f4
exf3 22. g3 Bd4 23. exf3 f4 24. gxf4 Bb6 25. Bd3 Bd4 26. Be2 Be3 27. h4 Kf7 28.
h5 h6 29. Bd3 Kg8 30. Bh7+ Kxh7 1-0

[Event "C'est un classique VI"]
[Site "Chess.com"]
[Date "2021.03.27"]
[Round "4.3"]
[White "Adam, Rafael"]
[Black "Cormier, Benoit"]
[Result "1-0"]
[WhiteElo "1907"]
[BlackElo "1315"]
[PlyCount "75"]
[EventDate "2021.03.06"]
[EventType "swiss"]
[EventRounds "5"]
[EventCountry "CAN"]

1. d4 Nf6 2. Bg5 e6 3. e3 Be7 4. Bd3 h6 5. Bh4 b6 6. f4 Bb7 7. Nf3 Nd5 8. Bxe7
Qxe7 9. Qe2 O-O 10. c3 d6 11. Nbd2 Nd7 12. O-O a6 13. a4 N5f6 14. e4 c5 15.
Rad1 Rfe8 16. Rfe1 d5 17. e5 Nh7 18. g4 cxd4 19. cxd4 Qb4 20. b3 Nhf8 21. h4
Nb8 22. h5 Nc6 23. Qf2 b5 24. Bc2 Rac8 25. axb5 axb5 26. Bb1 Na5 27. Re3 Rc7
28. g5 hxg5 29. fxg5 Rec8 30. g6 Rc1 31. gxf7+ Kh8 32. Rxc1 Rxc1+ 33. Kh2 Rc3
34. Rxc3 Qxc3 35. Nh4 Nxb3 36. Ng6+ Nxg6 37. hxg6 Qxd2 38. f8=Q# 1-0

[Event "C'est un classique VI"]
[Site "Chess.com"]
[Date "2021.03.27"]
[Round "4.4"]
[White "Guipi Bopala, Prince Eric jr"]
[Black "Saulnier-Legault, Lea"]
[Result "1-0"]
[WhiteElo "1859"]
[BlackElo "1653"]
[PlyCount "53"]
[EventDate "2021.03.06"]
[EventType "swiss"]
[EventRounds "5"]
[EventCountry "CAN"]

1. d4 d5 2. c4 e6 3. Nf3 Nf6 4. g3 b6 5. Bg2 Bb7 6. O-O Nbd7 7. Qc2 Bd6 8. Nbd2
O-O 9. b3 Rc8 10. Bb2 c5 11. Rac1 Re8 12. Qb1 cxd4 13. Nxd4 e5 14. Nf5 Bb4 15.
Rfd1 e4 16. cxd5 Rxc1 17. Qxc1 Bxd5 18. Nc4 g6 19. Qg5 Bxc4 20. bxc4 Nh5 21.
Nh6+ Kf8 22. Qd5 Re7 23. Bh3 e3 24. Bxd7 exf2+ 25. Kxf2 Bc5+ 26. Kf1 Qc7 27.
Qa8+ 1-0

[Event "C'est un classique VI"]
[Site "Chess.com"]
[Date "2021.03.27"]
[Round "4.5"]
[White "Yang, Jing Yao"]
[Black "Magner, Wilhelm"]
[Result "0-1"]
[WhiteElo "1500"]
[BlackElo "1800"]
[PlyCount "56"]
[EventDate "2021.03.06"]
[EventType "swiss"]
[EventRounds "5"]
[EventCountry "CAN"]

1. d4 d5 2. Bf4 c5 3. e3 Nc6 4. Nf3 Qb6 5. Nc3 Qa5 6. Qd2 c4 7. b3 e5 8. Ne2
Qxd2+ 9. Kxd2 exf4 10. Nxf4 Nf6 11. bxc4 Ne4+ 12. Ke2 dxc4 13. Nd2 Bf5 14. Nxc4
Nd6 15. Kd2 Nxc4+ 16. Bxc4 Bd6 17. Nd3 O-O 18. c3 Rac8 19. Bd5 Rfe8 20. Rab1 b6
21. Rhe1 Na5 22. h3 Nc4+ 23. Bxc4 Rxc4 24. Rb3 Bd7 25. Nb4 Rec8 26. Rc1 Ba4 27.
Rbb1 f6 28. Kd3 Bxb4 0-1

[Event "C'est un classique VI"]
[Site "Chess.com"]
[Date "2021.03.27"]
[Round "4.6"]
[White "Georgesu-Nicolau, Luca"]
[Black "Villeneuve, Joel"]
[Result "0-1"]
[WhiteElo "1314"]
[BlackElo "1232"]
[PlyCount "182"]
[EventDate "2021.03.06"]
[EventType "swiss"]
[EventRounds "5"]
[EventCountry "CAN"]

1. d4 d5 2. c4 e6 3. Nc3 Nf6 4. Bg5 Nbd7 5. cxd5 exd5 6. e3 c6 7. Bd3 Bd6 8.
Nf3 h6 9. Bh4 Qb6 10. Qc2 O-O 11. Bg3 c5 12. Na4 Qb4+ 13. Nd2 Bxg3 14. hxg3
cxd4 15. exd4 Qxd4 16. Nf3 Re8+ 17. Kd1 Qb4 18. Rh4 Qe7 19. Nc3 Nc5 20. b4 Nxd3
21. Qxd3 Be6 22. Kd2 Ne4+ 23. Nxe4 dxe4 24. Rxe4 Rad8 25. Rd4 Rxd4 26. Nxd4
Qxb4+ 27. Qc3 Qb6 28. a3 Rc8 29. Qb4 Qxb4+ 30. axb4 a6 31. Re1 Bd5 32. f3 Rc4
33. Re8+ Kh7 34. Nc2 Be6 35. g4 Rc8 36. Re7 b5 37. Ra7 Rc6 38. Nd4 Rd6 39. Kc3
Bc4 40. Ra8 Bf1 41. g3 Bg2 42. Ra7 Rf6 43. f4 Bh3 44. g5 hxg5 45. fxg5 Rg6 46.
Nf3 Bg2 47. Rxf7 Bxf3 48. Rxf3 Rc6+ 49. Kb3 Kg6 50. Rf2 Kxg5 51. Rg2 Kg4 52.
Rg1 g5 53. Kb2 Kf3 54. g4 Rc4 55. Rf1+ Kxg4 56. Rg1+ Kf5 57. Rf1+ Rf4 58. Rd1
Kg4 59. Rg1+ Kf5 60. Rd1 Rxb4+ 61. Kc3 Rc4+ 62. Kb3 g4 63. Rf1+ Kg5 64. Rg1 Kh4
65. Rh1+ Kg3 66. Rg1+ Kh2 67. Ra1 Ra4 68. Rc1 g3 69. Rc2+ g2 70. Rd2 Kh1 71.
Rd8 g1=Q 72. Rh8+ Qh2 73. Rxh2+ Kxh2 74. Kc3 Kg3 75. Kb3 Kf4 76. Kc3 Ke5 77.
Kb3 Kd5 78. Kc3 Kc5 79. Kb3 a5 80. Kc3 Ra3+ 81. Kb2 Rh3 82. Kc2 Kd4 83. Kb2 Kc4
84. Kc2 Rh2+ 85. Kd1 Kc3 86. Ke1 Kd3 87. Kf1 Ke3 88. Kg1 Ra2 89. Kf1 Rb2 90.
Kg1 Kf3 91. Kh1 Kg3 0-1

[Event "C'est un classique VI"]
[Site "Chess.com"]
[Date "2021.03.27"]
[Round "4.7"]
[White "Berlinguet, Etienne"]
[Black "Varro, Daniel"]
[Result "0-1"]
[WhiteElo "1347"]
[BlackElo "1764"]
[PlyCount "78"]
[EventDate "2021.03.06"]
[EventType "swiss"]
[EventRounds "5"]
[EventCountry "CAN"]

1. e4 c5 2. Nf3 e6 3. d4 cxd4 4. Nxd4 Nf6 5. Nc3 Nc6 6. f3 Bb4 7. Be3 d5 8.
exd5 Nxd5 9. Nxc6 bxc6 10. Bd4 O-O 11. Bd3 e5 12. Bf2 Nxc3 13. bxc3 Bxc3+ 14.
Ke2 Bxa1 15. Qxa1 a5 16. Rd1 Qe7 17. Kf1 Ba6 18. Bxa6 Rxa6 19. Qc3 Re8 20. Qc4
Raa8 21. Qxc6 Rac8 22. Qa4 Qb4 23. Qb3 Qc4+ 24. Qxc4 Rxc4 25. Rd2 Rec8 26. Bb6
a4 27. Ba5 Rxc2 28. Rxc2 Rxc2 29. a3 f6 30. Bb4 Kf7 31. Kg1 Ke6 32. h3 Kf5 33.
Kh2 Kf4 34. h4 Ke3 35. Kg3 Rb2 36. h5 Rxb4 37. axb4 a3 38. b5 a2 39. b6 a1=Q
0-1

[Event "C'est un classique VI"]
[Site "Chess.com"]
[Date "2021.03.27"]
[Round "4.8"]
[White "Imbeault, Marc"]
[Black "Abboudy, Bassel"]
[Result "1/2-1/2"]
[WhiteElo "1190"]
[BlackElo "1196"]
[PlyCount "106"]
[EventDate "2021.03.06"]
[EventType "swiss"]
[EventRounds "5"]
[EventCountry "CAN"]

1. e4 e5 2. Nf3 Nc6 3. Bc4 Nf6 4. d3 Be7 5. O-O Na5 6. Nbd2 d6 7. c3 Nxc4 8.
Nxc4 O-O 9. h3 Be6 10. Ne3 g6 11. Nh2 Qd7 12. g4 d5 13. f3 Rfe8 14. Ng2 Bf8 15.
b4 Rad8 16. Qe2 d4 17. Bg5 Bg7 18. c4 h6 19. Bxf6 Bxf6 20. Qd2 Bg7 21. f4 exf4
22. Nxf4 g5 23. Nh5 Qe7 24. Nf3 Bh8 25. e5 a6 26. Rae1 Qd7 27. Nf6+ Bxf6 28.
exf6 Qd6 29. Ne5 Bd7 30. Nxd7 Qxd7 31. Qg2 c6 32. c5 Kh7 33. Re4 Re6 34. Rfe1
Rde8 35. Qf3 Qd5 36. Qf5+ Qxf5 37. gxf5 Rxe4 38. dxe4 h5 39. e5 d3 40. Rd1 Rxe5
41. Rxd3 Rxf5 42. Rd7 Rxf6 43. Rxb7 g4 44. hxg4 hxg4 45. Rb6 Rf4 46. Rxc6 Rxb4
47. Rxa6 Rb1+ 48. Kg2 Rb2+ 49. Kg3 Rc2 50. Ra5 f5 51. c6 Rxc6 52. Rxf5 Ra6 53.
Rf2 Ra4 1/2-1/2

[Event "C'est un classique VI"]
[Site "Chess.com"]
[Date "2021.04.03"]
[Round "5.1"]
[White "Turcotte, Jonathan"]
[Black "Laroche, Hugo"]
[Result "1-0"]
[WhiteElo "2007"]
[BlackElo "1941"]
[PlyCount "125"]
[EventDate "2021.03.06"]
[EventType "swiss"]
[EventRounds "5"]
[EventCountry "CAN"]

1. d4 Nf6 2. c4 g6 3. Nc3 Bg7 4. e4 d6 5. Be2 O-O 6. Nf3 e5 7. O-O Nc6 8. d5
Ne7 9. b4 Nh5 10. c5 f5 11. Ng5 Nf4 12. Bxf4 exf4 13. Rc1 h6 14. Ne6 Bxe6 15.
dxe6 Bxc3 16. Rxc3 fxe4 17. cxd6 cxd6 18. Qd4 d5 19. Rfc1 Qd6 20. Rc7 Nf5 21.
Qb2 Qxe6 22. Rxb7 Rfc8 23. Rcc7 Rxc7 24. Rxc7 Ne7 25. Qd4 Kf7 26. Qc5 Rd8 27.
Rxa7 Qd6 28. Qa5 Rc8 29. Qa3 d4 30. Qb3+ Qe6 31. Rxe7+ Kxe7 32. Qxe6+ Kxe6 33.
Bg4+ Kd5 34. Bxc8 d3 35. Kf1 Kc4 36. Ke1 Kc3 37. Kd1 e3 38. fxe3 fxe3 39. Bg4
Kxb4 40. Bf3 Kc3 41. a4 e2+ 42. Bxe2 dxe2+ 43. Kxe2 Kb4 44. Ke3 Kxa4 45. Ke4
Kb5 46. Ke5 Kc6 47. Kf6 h5 48. Kxg6 h4 49. Kg5 h3 50. g4 Kd7 51. Kh4 Ke6 52.
Kxh3 Kf6 53. Kg3 Kg5 54. h4+ Kg6 55. Kf4 Kf6 56. h5 Kg7 57. Kg5 Kh7 58. Kf6 Kh8
59. g5 Kg8 60. Kg6 Kh8 61. Kf7 Kh7 62. g6+ Kh6 63. g7 1-0

[Event "C'est un classique VI"]
[Site "Chess.com"]
[Date "2021.04.03"]
[Round "5.2"]
[White "Adam, Rafael"]
[Black "Laroche, Hugo"]
[Result "0-1"]
[WhiteElo "1907"]
[BlackElo "1738"]
[PlyCount "166"]
[EventDate "2021.03.06"]
[EventType "swiss"]
[EventRounds "5"]
[EventCountry "CAN"]

1. d4 d5 2. c4 c6 3. Nf3 Nf6 4. e3 Bf5 5. Qb3 Qb6 6. c5 Qc7 7. Nh4 Bd7 8. Bd3
e6 9. Qc3 b6 10. b4 a5 11. a3 Be7 12. Nf3 O-O 13. O-O Bc8 14. Rd1 Ba6 15. Bc2
Nbd7 16. Nbd2 Rfb8 17. Nb3 Be2 18. Re1 Bxf3 19. gxf3 bxc5 20. bxc5 e5 21. a4 g6
22. Bd2 Nh5 23. Nxa5 exd4 24. exd4 Bh4 25. Rf1 Bf6 26. Nb3 Nf4 27. Rfe1 Nf8 28.
Be3 N8e6 29. a5 Bg7 30. Qd2 Nh3+ 31. Kg2 Nhf4+ 32. Kh1 Nh5 33. Ra2 Qe7 34. Nc1
Qf6 35. Bd1 Nxd4 36. Bxd4 Qxd4 37. Qxd4 Bxd4 38. Nd3 Bc3 39. Rg1 Bxa5 40. Ne5
Bb4 41. Rc2 Rc8 42. Rg4 Be1 43. Kg2 f5 44. Rd4 Ra3 45. f4 Bc3 46. Rxc3 Rxc3 47.
Bxh5 gxh5 48. Ra4 Rc7 49. Ra5 Kg7 50. f3 Rb3 51. Ra6 Rb5 52. Nxc6 Rxc5 53. Nd4
Kf7 54. Rh6 Rc4 55. Nxf5 R7c6 56. Rxh5 d4 57. Ng3 d3 58. Rxh7+ Ke6 59. f5+ Ke5
60. Ne4 Rd4 61. f6 d2 62. Re7+ Kf5 63. f7 Rf6 64. Nxf6 d1=Q 65. Ne4 Qe2+ 66.
Kg3 Qe1+ 67. Kh3 Qf1+ 68. Kg3 Qg1+ 69. Kh3 Qg7 70. Ng3+ Kg6 71. Kg2 Rd2+ 72.
Re2 Rxe2+ 73. Nxe2 Kxf7+ 74. Kf2 Qb2 75. Ke3 Kf6 76. h4 Ke5 77. f4+ Kf5 78.
Nd4+ Kg4 79. f5 Kxh4 80. Ke4 Kg5 81. Ke5 Qb8+ 82. Ke6 Qe8+ 83. Kd6 Kf6 0-1

[Event "C'est un classique VI"]
[Site "Chess.com"]
[Date "2021.04.03"]
[Round "5.3"]
[White "Villeneuve, Joel"]
[Black "Guipi Bopala, Prince Eric jr"]
[Result "0-1"]
[WhiteElo "1232"]
[BlackElo "1859"]
[PlyCount "108"]
[EventDate "2021.03.06"]
[EventType "swiss"]
[EventRounds "5"]
[EventCountry "CAN"]

1. d4 d5 2. Bf4 Nf6 3. e3 e6 4. Bd3 c5 5. c3 Nc6 6. Nf3 Bd6 7. Ne5 Qc7 8. Nxc6
Bxf4 9. Nxa7 Rxa7 10. Bb5+ Bd7 11. Bxd7+ Nxd7 12. exf4 Qxf4 13. dxc5 Nxc5 14.
O-O O-O 15. Nd2 Raa8 16. Nb3 Ne4 17. Qd4 Rad8 18. Qb4 Qc7 19. Rad1 Rfe8 20.
Rfe1 e5 21. Nd2 Nc5 22. Nf1 e4 23. Qd4 Nd3 24. Re2 Qd7 25. f3 Nf4 26. Red2 Qf5
27. Ne3 Qg5 28. fxe4 Nh3+ 29. Kh1 Rxe4 30. Qb6 Rxe3 31. gxh3 Rde8 32. Rg2 Qf4
33. Rdg1 Qf3 34. Qd4 g6 35. Qd2 Re2 36. Qd1 R8e3 37. h4 Rxg2 38. Qxf3 Rxg1+ 39.
Kxg1 Rxf3 40. Kg2 Rd3 41. a4 Rd2+ 42. Kf3 Rxb2 43. Kf4 Rxh2 44. Ke5 Rxh4 45.
Kxd5 Rxa4 46. Kc5 h5 47. Kb6 h4 48. Kxb7 h3 49. Kb6 h2 50. c4 Rxc4 51. Kb5 Rc8
52. Kb6 h1=Q 53. Ka5 Rb8 54. Ka6 Qa1# 0-1

[Event "C'est un classique VI"]
[Site "Chess.com"]
[Date "2021.04.03"]
[Round "5.4"]
[White "Varro, Daniel"]
[Black "Magner, Wilhelm"]
[Result "1-0"]
[WhiteElo "1764"]
[BlackElo "1800"]
[PlyCount "65"]
[EventDate "2021.03.06"]
[EventType "swiss"]
[EventRounds "5"]
[EventCountry "CAN"]

1. c4 c6 2. Nc3 d5 3. d4 Nf6 4. Nf3 e6 5. e3 Be7 6. Qc2 O-O 7. b3 Nbd7 8. Bd3
Re8 9. O-O Nf8 10. Ne5 Qc7 11. Bb2 c5 12. f4 Bd7 13. Qe2 cxd4 14. exd4 Qb6 15.
c5 Qc7 16. b4 a6 17. a4 b6 18. g4 Bc8 19. g5 N6d7 20. h4 a5 21. Nb5 Qb8 22. c6
Nxe5 23. fxe5 Bxb4 24. h5 Be7 25. Qf3 f6 26. gxf6 gxf6 27. Qg4+ Kf7 28. c7 Qb7
29. Rxf6+ Bxf6 30. Nd6+ Ke7 31. Nxb7 Bxb7 32. exf6+ Kf7 33. Qg7# 1-0

[Event "C'est un classique VI"]
[Site "Chess.com"]
[Date "2021.04.03"]
[Round "5.5"]
[White "Dube, Daniel"]
[Black "Yang, Jing Yao"]
[Result "1-0"]
[WhiteElo "1737"]
[BlackElo "1500"]
[PlyCount "67"]
[EventDate "2021.03.06"]
[EventType "swiss"]
[EventRounds "5"]
[EventCountry "CAN"]

1. e4 c5 2. Nf3 d6 3. Bb5+ Bd7 4. Bxd7+ Qxd7 5. c4 Nc6 6. d4 cxd4 7. Nxd4 Nf6
8. Nc3 g6 9. f3 Bg7 10. Be3 O-O 11. O-O Rac8 12. b3 e6 13. Qd2 d5 14. cxd5 exd5
15. Nxc6 bxc6 16. e5 Ne8 17. Bc5 Bxe5 18. Bxf8 Kxf8 19. Rae1 Qc7 20. Kh1 Kg8
21. f4 Bg7 22. f5 Nf6 23. fxg6 hxg6 24. Rf3 Ng4 25. g3 Kh7 26. Na4 Rh8 27. Qf4
Qa5 28. b4 Qxa4 29. Qxg4 Qxa2 30. Qh3+ Bh6 31. Rxf7+ Kg8 32. Qe6 Bf8 33. Qxg6+
Bg7 34. Qxg7# 1-0

[Event "C'est un classique VI"]
[Site "Chess.com"]
[Date "2021.04.03"]
[Round "5.6"]
[White "Saulnier-Legault, Lea"]
[Black "Cormier, Benoit"]
[Result "1-0"]
[WhiteElo "1653"]
[BlackElo "1315"]
[PlyCount "79"]
[EventDate "2021.03.06"]
[EventType "swiss"]
[EventRounds "5"]
[EventCountry "CAN"]

1. e4 c5 2. Nf3 Nc6 3. Nc3 g6 4. g3 Bg7 5. Bg2 e6 6. O-O Nge7 7. d3 O-O 8. Nb5
d6 9. c3 a6 10. Na3 b5 11. Nc2 Bb7 12. Rb1 Rb8 13. Bf4 e5 14. Be3 Qc7 15. Qd2
f5 16. Bh6 fxe4 17. dxe4 Rbd8 18. Bxg7 Kxg7 19. Ne3 Bc8 20. Rbd1 h6 21. h4 Be6
22. b3 d5 23. exd5 Nxd5 24. Nxd5 Bxd5 25. Qe3 Qe7 26. Rfe1 e4 27. Nd2 Rde8 28.
Nxe4 Bxe4 29. Qxe4 Qxe4 30. Rxe4 Rxe4 31. Bxe4 Ne5 32. f4 Ng4 33. Rd7+ Rf7 34.
Rxf7+ Kxf7 35. b4 cxb4 36. cxb4 Ne3 37. Kf2 Nd1+ 38. Ke2 Nc3+ 39. Kd3 Nxa2 40.
Bd5+ 1-0

[Event "C'est un classique VI"]
[Site "Chess.com"]
[Date "2021.04.03"]
[Round "5.7"]
[White "Abboudy, Bassel"]
[Black "Georgesu-Nicolau, Luca"]
[Result "0-1"]
[WhiteElo "1196"]
[BlackElo "1314"]
[PlyCount "64"]
[EventDate "2021.03.06"]
[EventType "swiss"]
[EventRounds "5"]
[EventCountry "CAN"]

1. d4 d5 2. c4 e6 3. Nc3 Nf6 4. Bg5 Be7 5. Nf3 h6 6. Bh4 O-O 7. e3 b6 8. Bd3
Bb7 9. O-O dxc4 10. Bxc4 c5 11. Bg3 Re8 12. Rc1 a6 13. a4 Nbd7 14. h3 Ne4 15.
Bh2 Ndf6 16. Bd3 Nxc3 17. bxc3 Rc8 18. Ne5 Qd5 19. Qf3 Qxf3 20. Nxf3 Nd5 21. e4
Nf6 22. Nd2 Red8 23. e5 Ne8 24. Nb3 c4 25. Bc2 cxb3 26. Bxb3 Nc7 27. f4 Nd5 28.
Rf3 Bb4 29. Bxd5 Rxd5 30. Rd3 a5 31. Bg3 Ba6 32. Re3 Rxd4 0-1